00709nam a2200205 a 450000100100000000500170001000800410002702000150006804000250008308200150010810000250012324501040014826000710025230000460032349000100036950000220037950000380040150400540043983000100049300000242220200929150208.0090702s2004 sp acd 000 0 spa d a8493350451 aDO-SdBNPbspacBNPHU axxxbR934l1 aRuiz García, Elisa14aLos libros de Isabel La Católica :barquelogía de un patrimonio escrito /cElisa Ruiz García. aMadrid, :bInstituto de Historia del Libro y de la Lectura,c2004. a653 p. :bil., retrs., diagrama ;c25 cm.0 aMaior aIncluye índice. aIncluye notas a pie de páginas. aIncluye referencias bibliográficas (591-596 p.) 0aMaior